La organización política de Chile.

Uloženo v:
Podrobná bibliografie
Hlavní autor: Edwards Vives, Alberto (autor)
Další autoři: Silva Castro, Raúl (introducción biográfica)
Médium: Kniha
Jazyk:španělština
Vydáno: Santiago, Chile: Del Pacífico, 1972.
Vydání:Tercera edición.
Témata:
Tagy: Přidat tag
Žádné tagy, Buďte první, kdo vytvoří štítek k tomuto záznamu!

MARC

LEADER 00000nam a2200000 a 4500
001 UCT6292
003 CL-VaPUC
005 20220822114329.0
008 970106e19720000CL |||||||||||||||||spa|d
999 |c 255007  |d 255005 
040 |c Pontificia Universidad Católica de Valparaíso 
082 0 4 |a 320.983 EDW 1972  |2 21 
100 0 |a Edwards Vives, Alberto  |e autor  |9 376286 
245 1 0 |a La organización política de Chile. 
250 |a Tercera edición. 
260 |a Santiago, Chile:  |b Del Pacífico,  |c 1972. 
300 |a 137 páginas. 
500 |a c.4 Donación Familia Prof. Alejandro Guzmán Brito.  
583 |a last modification  |c 19970106 00:00:00  |k Rodrigo Vera 
600 0 |a O'higgins Riquelme, Bernardo  |9 317764 
600 0 |a Portales y Palazuelos, Diego,  |d 1793-1837  |9 255516 
650 0 |a Ciencias Políticas  |9 255201 
650 0 |a Política  |z Chile  |9 255312 
650 0 |a Sistemas políticos  |2 CL-VaPUC  |9 258602  |z Chile 
700 |a Silva Castro, Raúl  |9 309834  |e introducción biográfica 
942 |c BK  |2 ddc  |n 0 
945 |d 19970106 00:00:00  |a paguirre 
952 |0 0  |1 0  |2 ddc  |4 0  |6 320_983000000000000_EDW_1972  |7 0  |8 A  |9 277031  |a BIBDER  |b BIBDER  |d 2019-11-19  |i 1801473  |o 320.983 EDW 1972  |p 1801473  |r 2023-01-25  |t 1  |w 2019-11-19  |y BK  |k DER 
952 |0 0  |1 0  |2 ddc  |4 0  |6 320_983000000000000_EDW_1972  |7 0  |8 A  |9 277032  |a BIBHIS  |b BIBHIS  |d 2019-11-19  |i 1339222  |o 320.983 EDW 1972  |p 1339222  |r 2025-01-20  |t 2  |w 2019-11-19  |y BK  |k HIS 
952 |0 0  |1 0  |2 ddc  |4 0  |6 320_983000000000000_EDW_1972  |7 0  |8 A  |9 277033  |a BIBHIS  |b BIBHIS  |d 2019-11-19  |i 1339230  |o 320.983 EDW 1972  |p 1339230  |r 2025-01-20  |t 3  |w 2019-11-19  |y BK  |k HIS